banner-ar

كتاب الروضتين فى اخبار الدولتين : (Record no. 63445)

MARC details
000 -الفاتح
حقل البيانات ثابتة الطول 01346nam a2200253Ia 4500
005 - وقت وتاريخ اخر تعامل مع التسجيلة
رقم الضبط 20240530110641.0
008 - عناصر البيانات ثابتة الطول - معلومات عامة
حقل البيانات ثابتة الطول 140319s2002 le 000 0 ara d
020 ## - الرقم الدولى المعيارى للكتب
الرقم الدولى المعيارى للكتاب 2332974512
040 ## - مصدر الفهرسة
وكالة الفهرسة الأصلية GCL /
وكالة النسخ GCL
082 04 - رقم تصنيف ديوى العشرى
رقم الطبعة 21
رقم التصنيف 953.07393\
رقم المادة أ ك
100 1# - المدخل الرئيسى - إسم شخصى
الإسم الشخصى ابو شامة، شهاب الدين عبدالرحمن بن اسماعيل بن ابراهيم بن عثمان المقدسى الدمشقى الشافعى
245 10 - بيان العنوان
العنوان كتاب الروضتين فى اخبار الدولتين :
بقية العنوان النورية والصلاحية /
بيان المسئوليه,etc تاليف شهاب الدين عبدالرحمن بن اسماعيل بن ابراهيم بن عثمان المقدسى الدمشقى الشافعى ؛ وضع حواشية ابراهيم شمس الدين
250 ## - بيان الطبعة
بيان الطبعة الاولى
260 ## - PUBLICATION, DISTRIBUTION, ETC. (IMPRINT)
تاريخ النشر أو التوزيع 2002.
300 ## - الوصف المادى
التعداد 5ج فى 3 مج ؛
أبعاد الوعاء 24 سم
600 0# - المدخل الاضافى بالموضوع-اسم شخصى
الإسم الشخصى الظاهر بيبرس
650 07 - المدخل الاضافى بالموضوع-مصطلح موضوعى
مصدر الرأس أو المصطلح qrmak
مصطلح موضوعي الرجال
التقسيم الفرعي العام تراجم
650 07 - المدخل الاضافى بالموضوع-مصطلح موضوعى
مصدر الرأس أو المصطلح qrmak
مصطلح موضوعي الدولة الايوبية
التقسيم الفرعي الجغرافي مصر
650 07 - المدخل الاضافى بالموضوع-مصطلح موضوعى
مصدر الرأس أو المصطلح qrmak
مصطلح موضوعي الدولة الايوبية
التقسيم الفرعي الجغرافي الشام
700 0# - المدخل الاضافى - اسم شخصى
الإسم الشخصى ابراهيم شمس الدين
الدور محقق
942 ## - عناصر المدخل الإضافي( كوها)
مصدر التصنيف او مخطط الترفيف Dewey Decimal Classification
Koha [default] item type كتاب
260 ## - PUBLICATION, DISTRIBUTION, ETC. (IMPRINT)
-- بيروت :
-- دار الكتب العلمية،
505 0# - تبصرة محتويات-الفهرس
تبصرة المحتويات المصاغة المجلد الثالث. تراجم رجال القرنين السادس والسابع المعروف بالذيل على الروضتين
Holdings
حالة التراجع حالة الفقد مصدر التصنيف او خطة الترفيف حالة تلف ليس للاعارة المكان المؤقت الموقع الحالى موقع الترفيف تاريخ الاكتساب اجمالي اﻻعارات رقم الطلب الباركود تاريخ اخر مشاهدة تاريخ تفعيل السعر نوع وعاء كوها
    ddc     مكتبة القاهرة الكبرى مكتبة القاهرة الكبرى القاعة الرئيسية 10/16/2017   953.07393\ أ ك 163477 10/16/2017 10/16/2017 كتاب
    ddc     مكتبة القاهرة الكبرى مكتبة القاهرة الكبرى القاعة الرئيسية 10/16/2017   953.07393\ أ ك 163478 10/16/2017 10/16/2017 كتاب
    ddc     مكتبة القاهرة الكبرى مكتبة القاهرة الكبرى القاعة الرئيسية 10/16/2017   953.07393\ أ ك 163479 10/16/2017 10/16/2017 كتاب
    ddc     مكتبة القاهرة الكبرى مكتبة القاهرة الكبرى القاعة الرئيسية 10/16/2017   953.07393\ أ ك 163480 10/16/2017 10/16/2017 كتاب
    ddc     مكتبة القاهرة الكبرى مكتبة القاهرة الكبرى القاعة الرئيسية 10/16/2017   953.07393\ أ ك 163481 10/16/2017 10/16/2017 كتاب

Powered By

EGPV